000 00370nam a2200145Ia 4500
008 180424s9999 xx 000 0 und d
040 _aPK-NaQUE
100 _a09ME07
100 _aAsad Mustafa
245 0 _aDevelopment and Testing of Hydraulic Wind Turbine
260 _bQUEST
260 _c2009
300 _a106
700 _aDepartment of Mechanical Engineering
999 _c58552
_d58549